Made in the a.m album -all songs- - Statistics

General Stats
  • This quiz has been taken 90 times
  • The average score is 13 of 16
Answer Stats
Made in the a.m Answer % Correct
2. drag me down
96%
16. a.m
93%
13. history
93%
15. walking in the wind
87%
12. love you goodbye
84%
1. hey angel
82%
4. infinity
82%
10. olivia
82%
14. wolves
82%
3. perfect
80%
6. end of the day
78%
7. if i could fly
78%
8. i want to write you a song
78%
5. long way down
78%
9. never enough
75%
11. what a feeling
67%
No matching quizzes found
Score Distribution
Percent of People with Each Score
Percentile by Number Answered
Your Score History
You have not taken this quiz